[Event "San Francisco Chernev Memorial"]
[Site "San Francisco"]
[Date "2008.09.23"]
[Round "8"]
[White "O'Callaghan, Kevin"]
[Black "Somerville, Kenneth"]
[Result "0-1"]
[WhiteElo "1481"]
[BlackElo "1608"]
[PlyCount "104"]
[EventDate "2008.08.05"]
[EventType "swiss"]
[EventRounds "8"]
[EventCountry "USA"]
[SourceTitle "CBM 126 Extra"]
[Source "ChessBase"]
[SourceDate "2008.11.05"]
[SourceVersion "1"]
[SourceVersionDate "2008.11.05"]
[SourceQuality "1"]

1. e4 e6 2. Nf3 d5 3. exd5 exd5 4. Bb5+ c6 5. Be2 Nf6 6. h3 Be6 7. d4 Bd6 8. Ng5 Qe7 9. Be3 Nbd7 10. Nd2 h6 11. Nxe6 Qxe6 12. Bg4 Nxg4 13. Qxg4 Qxg4 14. hxg4 0-0-0 15. 0-0-0 Nf6 16. f3 Rde8 17. Nf1 Kd7 18. Bd2 Re2 19. Ne3 Bf4 20. Rde1 Rxe1+ 21. Rxe1 g6 22. Nf1 Bxd2+ 23. Kxd2 h5 24. g5 Ne8 25. Kd3 Nd6 26. Nd2 Re8 27. Rxe8 Kxe8 28. c4 dxc4+ 29. Nxc4 Nxc4 30. Kxc4 Kd7 31. d5 Kd6 32. dxc6 Kxc6 33. Kd4 Kd6 34. Ke4 b5 35. b4 Ke6 36. f4 a6 37. g3 f5+ 38. gxf6 Kxf6 39. a3 g5 40. fxg5+ Kxg5 41. Kf3 Kf5 42. Kg2 Ke4 43. Kh3 Kf3 44. Kh4 Kg2 45. Kxh5 Kxg3 46. Kg5 Kf3 47. Kf5 Ke3 48. Ke5 Kd3 49. Kd5 Kc3 50. Kc5 Kb3 51. Kb6 Kxa3 52. Kxa6 Kxb4 0-1